Aulton's pharmaceutics : (Record no. 7737)
[ view plain ]
| 000 -LEADER | |
|---|---|
| fixed length control field | 00818cam a2200253 a 4500 |
| 001 - CONTROL NUMBER | |
| control field | 17544795 |
| 005 - DATE AND TIME OF LATEST TRANSACTION | |
| control field | 20250925171650.0 |
| 008 - FIXED-LENGTH DATA ELEMENTS--GENERAL INFORMATION | |
| fixed length control field | 121128s2013 stk b 001 0 eng |
| 020 ## - INTERNATIONAL STANDARD BOOK NUMBER | |
| International Standard Book Number | 9780702042904 |
| Qualifying information | pbk |
| 020 ## - INTERNATIONAL STANDARD BOOK NUMBER | |
| International Standard Book Number | 9780702042911 |
| Qualifying information | International |
| 050 00 - LIBRARY OF CONGRESS CALL NUMBER | |
| Classification number | RS200 |
| Item number | .A95 2007 |
| 082 00 - DEWEY DECIMAL CLASSIFICATION NUMBER | |
| Classification number | 615.1/9 |
| Edition information | 23 |
| 245 00 - TITLE STATEMENT | |
| Title | Aulton's pharmaceutics : |
| Remainder of title | the design and manufacture of medicines / |
| Statement of responsibility, etc. | edited by Michael E. Aulton and Kevin M.G. Taylor. |
| 250 ## - EDITION STATEMENT | |
| Edition statement | 4th ed. |
| 260 ## - PUBLICATION, DISTRIBUTION, ETC. | |
| Place of publication, distribution, etc. | Edinburgh : |
| Name of publisher, distributor, etc. | Churchill Livingstone/Elsevier, |
| Date of publication, distribution, etc. | 2013. |
| 300 ## - PHYSICAL DESCRIPTION | |
| Extent | xiii, 894 p. ; |
| Dimensions | 25 cm. |
| 650 12 - SUBJECT ADDED ENTRY--TOPICAL TERM | |
| Topical term or geographic name entry element | Dosage Forms. |
| 650 22 - SUBJECT ADDED ENTRY--TOPICAL TERM | |
| Topical term or geographic name entry element | Biopharmaceutics |
| General subdivision | methods. |
| 650 22 - SUBJECT ADDED ENTRY--TOPICAL TERM | |
| Topical term or geographic name entry element | Drug Compounding |
| General subdivision | methods. |
| 650 22 - SUBJECT ADDED ENTRY--TOPICAL TERM | |
| Topical term or geographic name entry element | Drug Design. |
| 700 1# - ADDED ENTRY--PERSONAL NAME | |
| Personal name | Aulton, Michael E. |
| 700 1# - ADDED ENTRY--PERSONAL NAME | |
| Personal name | Taylor, Kevin, |
| Dates associated with a name | 1961- |
| 942 ## - ADDED ENTRY ELEMENTS (KOHA) | |
| Source of classification or shelving scheme | Library of Congress Classification |
| Koha item type | Books |
| Edition | 4th ed. |
| Suppress in OPAC | No |
| 999 ## - | |
| -- | 7737 |
| -- | 7737 |
| Withdrawn status | Lost status | Source of classification or shelving scheme | Damaged status | Not for loan | Collection | Home library | Current library | Shelving location | Date acquired | Total checkouts | Full call number | Barcode | Date last seen | Copy number | Price effective from | Koha item type |
|---|---|---|---|---|---|---|---|---|---|---|---|---|---|---|---|---|
| Library of Congress Classification | Non-fiction | Science Library (Miotso) | Science Library (Miotso) | General stacks | 09/25/2025 | RS200 .A95 AUL | SLM00004422 | 09/25/2025 | 1 | 09/25/2025 | Books | |||||
| Library of Congress Classification | Non-fiction | Science Library (Miotso) | Science Library (Miotso) | General stacks | 09/25/2025 | RS200 .A95 AUL | SLM00004423 | 09/25/2025 | 2 | 09/25/2025 | Books | |||||
| Library of Congress Classification | Non-fiction | Science Library (Miotso) | Science Library (Miotso) | General stacks | 09/25/2025 | RS200 .A95 AUL | SLM00004424 | 09/25/2025 | 3 | 09/25/2025 | Books |